000 00713nam a2200265Ia 4500
003 OSt
005 20221006150911.0
006 a|||||r|||| 00| 0
007 ta
008 221006b |||||||| |||| 00| 0 jpn d
020 _c¥320
024 _a20,160
037 _bGift, Japan Foundation
_cTextual
040 _aEASL
_cEASL
_bjpn
041 _2jpn
_ajpn
082 _aX:326.42, L9
100 _aTOBATA Seiichi
_9649641
245 0 _aNihon shihonshugi no keiseisha
260 _aTokyo
_bIwanami Shoten Japan
_c1964
300 _a190p.
_ccm.
490 _v JL
650 _aJL
942 _hX:326.42, L9
_cTEXL
_2CC
999 _c1088246
_d1088246